000 00642nam a2200217 i 4500
001 C2-0244144
003 PPAK
005 20180727205540.0
008 021120s1984 enka|||| ||||| | eng d
040 _aPPAK
_beng
_cPPAK
_erda
082 0 4 _a378.05
_223
090 0 0 _a378.05
_bQUE
_dKSA
245 0 0 _aQueen Mary College :
_bprospectus for 1984 entry
264 1 _aLondon :
_bMather Bros (Printers) Ltd.. Preston ,
_c1984
300 _a136 pages :
_bcolour illustrations ;
_c20 cm
336 _2rdacontent
_atext
337 _2rdamedia
_aunmediated
338 _2rdacarrier
_avolume
650 1 0 _aUniversities and colleges
942 _ddc
_cB
999 _c58479
_d58479